[Event "POR-chT"]
[Site "Lisbon"]
[Date "2002.08.13"]
[Round "3.3"]
[White "Leonardo, Joao Paulo L"]
[Black "Caselas Cabanas, Jacobo"]
[Result "1/2-1/2"]
[WhiteElo "2237"]
[BlackElo "2356"]
[PlyCount "67"]
[EventDate "2002.08.11"]
[EventType "team"]
[EventRounds "9"]
[EventCountry "POR"]
[SourceTitle "EXT 2004"]
[Source "ChessBase"]
[SourceDate "2003.11.25"]
[SourceVersion "1"]
[SourceVersionDate "2003.11.25"]
[SourceQuality "1"]

1. d3 d5 2. Nf3 Nf6 3. g3 Bg4 4. Bg2 Nbd7 5. 0-0 e6 6. Nbd2 Bc5 7. e4 dxe4 8. dxe4 0-0 9. Qe2 e5 10. h3 Bxf3 11. Nxf3 c6 12. Rd1 Qb6 13. c3 a5 14. Bg5 Rfe8 15. Rd2 h6 16. Bxf6 Nxf6 17. Rad1 g6 18. Nh4 Kg7 19. Nf3 Rac8 20. Ne1 Qc7 21. Bf3 Rcd8 22. Kg2 Rxd2 23. Rxd2 Rd8 24. Rxd8 Qxd8 25. Nd3 Qe7 26. a3 Bb6 27. b4 axb4 28. axb4 Qe6 29. Nb2 h5 30. Nc4 Bc7 31. Nb2 Bb6 32. Nc4 Bc7 33. Ne3 Bb6 34. Nc4 1/2-1/2

[Event "POR-chT"]
[Site "Lisbon"]
[Date "2002.08.12"]
[Round "2.4"]
[White "Caselas Cabanas, Jacobo"]
[Black "Santos, Ricardo"]
[Result "1-0"]
[WhiteElo "2356"]
[BlackElo "2058"]
[PlyCount "97"]
[EventDate "2002.08.11"]
[EventType "team"]
[EventRounds "9"]
[EventCountry "POR"]
[SourceTitle "EXT 2004"]
[Source "ChessBase"]
[SourceDate "2003.11.25"]
[SourceVersion "1"]
[SourceVersionDate "2003.11.25"]
[SourceQuality "1"]

1. d4 d5 2. c4 c6 3. e3 Nf6 4. Bd3 dxc4 5. Bxc4 g6 6. Qb3 e6 7. Nf3 Bg7 8. 0-0 0-0 9. Nc3 Nfd7 10. Ne4 Nb6 11. Bd3 N8d7 12. Bd2 a5 13. Bc3 Qc7 14. a4 Nd5 15. Bc4 N5b6 16. Be2 Nd5 17. Bd2 e5 18. Rac1 Qb6 19. Qxb6 N5xb6 20. b3 Re8 21. Nd6 Re6 22. Nxc8 Rxc8 23. dxe5 Ra8 24. Rfd1 Nxe5 25. Nd4 Rd6 26. Rc5 Rd5 27. Rxd5 Nxd5 28. Nc2 Bf8 29. e4 Nc7 30. f4 Nd7 31. Bxa5 Rxa5 32. Rxd7 Ne6 33. Rxb7 Nxf4 34. Bc4 Ne6 35. Kf1 Re5 36. Bxe6 Rxe6 37. Nd4 Rd6 38. Nf3 Rd1+ 39. Kf2 f6 40. e5 fxe5 41. Nxe5 Rd2+ 42. Kf3 c5 43. Nc4 Ra2 44. Rc7 Ra1 45. a5 Rf1+ 46. Ke4 Rb1 47. a6 Ra1 48. a7 Ra6 49. Nb6 1-0

[Event "Andorra op 20th"]
[Site "Andorra"]
[Date "2002.07.12"]
[Round "7"]
[White "De la Riva Aguado, Oscar"]
[Black "Caselas Cabanas, Jacobo"]
[Result "1-0"]
[WhiteElo "2522"]
[BlackElo "2356"]
[PlyCount "53"]
[EventDate "2002.07.06"]
[EventType "swiss"]
[EventRounds "9"]
[EventCountry "AND"]
[SourceTitle "CBM 089 Extra"]
[Source "ChessBase"]
[SourceDate "2002.09.10"]
[SourceVersion "2"]
[SourceVersionDate "2002.09.10"]
[SourceQuality "1"]

1. e4 e6 2. d4 d5 3. Nc3 Nf6 4. Bg5 Bb4 5. e5 h6 6. Be3 Ne4 7. Qg4 g6 8. a3 Bxc3+ 9. bxc3 c5 10. Bd3 Nxc3 11. dxc5 Nc6 12. Nf3 Qa5 13. 0-0 Qa4 14. Qxa4 Nxa4 15. Rab1 Kd8 16. c4 d4 17. Nxd4 Nxe5 18. Nb5 Nxd3 19. Rfd1 Ke7 20. Rxd3 Bd7 21. Nc3 Rhd8 22. Rxb7 Rab8 23. c6 Rxb7 24. cxb7 Nxc3 25. Bxa7 Ne2+ 26. Kf1 Nf4 27. Rd2 1-0